000 00561cam a2200229ua 4500
001 9347
008 150731n ii |||gr||||Z||||||eng
020 _a9780195636314
020 _a0195636317
040 _cMAIN
041 _aeng
082 _a823.954
245 1 2 _aShadow lines
_cby Amitav Ghosh
250 _a22nd imp.
260 _aNew Delhi:
_bOxford university press,
_c2013.
300 _a309p.
653 _aEnglish fiction
653 _aIndian fiction
653 _aIndian fiction in English
700 _aGhosh, Amitav,
_eAuthor.
942 _cBK
999 _c8407
_d8407